书目信息 |
| 题名: |
计算机网络基础及应用
|
|
| 作者: | 于凌云 , 陈斌斌 编著 | |
| 分册: | ||
| 出版信息: | 南京 东南大学出版社 2006.08 |
|
| 页数: | 232页 | |
| 开本: | 26cm | |
| 丛书名: | ||
| 单 册: | ||
| 中图分类: | TP393 | |
| 科图分类: | ||
| 主题词: | 计算机网络--ji suan ji wang luo--高等学校--教材 | |
| 电子资源: | ||
| ISBN: | 7-5641-0544-5 | |
| 000 | 01081nam0 2200277 450 | |
| 001 | 012006550488 | |
| 005 | 20070611153243.21 | |
| 010 | @a7-5641-0544-5@dCNY26.80 | |
| 100 | @a20061213d2006 km y0chiy0120 ea | |
| 101 | 0 | @achi |
| 102 | @aCN@b320000 | |
| 105 | @aak a 000yy | |
| 200 | 1 | @a计算机网络基础及应用@Aji suan ji wang luo ji chu ji ying yong@f于凌云, 陈斌斌编著@Fyu ling yun,chen bin bin bian zhu |
| 210 | @a南京@c东南大学出版社@d2006.08 | |
| 215 | @a232页@c图@d26cm | |
| 300 | @a高等学校计算机课程教材 | |
| 312 | @a英文题名取自封面 | |
| 320 | @a有书目 (第232页) | |
| 330 | @a本书采用理论与实际相结合的模式,全书共分为基础篇合应用篇两大部分,基础篇分为6个章节,分别讲述了计算机网络的概念、数据通用基础、网络传输介质、网络体系结构等,应用篇涉及局域网配置、因特网应用基础等。 | |
| 510 | 1 | @aBasic and applicatin of computer network@zeng |
| 606 | 0 | @a计算机网络@Aji suan ji wang luo@x高等学校@j教材 |
| 690 | @aTP393@v4 | |
| 701 | 0 | @a于凌云@Ayu ling yun@4编著 |
| 701 | 0 | @a陈斌斌@Achen bin bin@4编著 |
| 801 | 0 | @aCN@c20070611 |
| 905 | @a10447@dTP393@eY719 | |
| 计算机网络基础及应用/于凌云, 陈斌斌编著.-南京:东南大学出版社,2006.08 |
| 232页:图;26cm |
| 高等学校计算机课程教材 |
| ISBN 7-5641-0544-5:CNY26.80 |
| 本书采用理论与实际相结合的模式,全书共分为基础篇合应用篇两大部分,基础篇分为6个章节,分别讲述了计算机网络的概念、数据通用基础、网络传输介质、网络体系结构等,应用篇涉及局域网配置、因特网应用基础等。 |
| ● |
| 相关链接 |
|
|
|
正题名:计算机网络基础及应用
索取号:TP393/Y719
 
预约/预借
| 序号 | 登录号 | 条形码 | 馆藏地/架位号 | 状态 | 备注 |
| 1 | 230565 | 202305656 | 自科库301/301自科库 118排2列3层/ [索取号:TP393/Y719] | 在馆 | |
| 2 | 230566 | 202305665 | 自科库301/301自科库 118排2列3层/ [索取号:TP393/Y719] | 在馆 |